| 000 | 00622nam a22002417a 4500 | ||
|---|---|---|---|
| 003 | OSt | ||
| 005 | 20180116183002.0 | ||
| 008 | 150414b xxu||||| |||| 00| 0 eng d | ||
| 020 | _a0072837055 | ||
| 022 | _a9780072837056 | ||
| 040 | _c0 | ||
| 050 | _a301 | ||
| 082 | _a301 | ||
| 100 | _aKottak,Conrad Phillip. | ||
| 245 |
_aAnthropology. _bThe Exploration of Human Diversity. _cConrad Phillip Kottak |
||
| 250 | _a10th. | ||
| 260 |
_aNew York _bMcGraw-Hill _c2004 |
||
| 300 | _a720p. | ||
| 500 | _aPaper Cover | ||
| 600 | _aKottak,Conrad Phillip. | ||
| 700 | _aKottak,Conrad Phillip. | ||
| 942 |
_2ddc _cBK _k301 |
||
| 999 |
_c349915 _d349915 |
||